Učebnica spevu pre 1. tr. škôl stredných a meštianskych

Podrobná bibliografia
Hlavný autor: Štika, Karel, 1887-1973 (Autor)
Médium: Kniha
Jazyk:slovenčina
Fyzický popis:80 s. noty 8°
Vydavateľské údaje: Praha Štátne nakladateľstvo 1933
Predmet:

MARC

LEADER 00000cam a2200000 a 4500
001 vtls008401514
003 SK-MaSNL
005 20260302074755.0
008 260107s1933 xr g r 000 0 slo
015 |a SNBA19191938-012881 
035 |a SK01SNKBSKHR20020093731 
035 |a urn:nbn:sk:snk-am3hjzq 
035 |a E6EDAC1A-CC88-4E71-BCC8-BFCDFE716132 
035 |a urn:nbn:sk:snk-am00d32j 
035 |a SKM000096194 
040 |a SNK  |b slo  |c SNK  |e AACR2 
041 0 |a slo 
044 |a xr  |c CZ 
080 |a 372(075)  |2 1981 
080 |a 373(075)  |2 1981 
080 |a 784(075)  |2 1981 
100 1 |a Štika, Karel,  |d 1887-1973  |4 aut  |9 105013 
245 1 0 |a Učebnica spevu pre 1. tr. škôl stredných a meštianskych  |c Karol Štika 
260 |a Praha  |b Štátne nakladateľstvo  |c 1933  |e Praha  |f Štát. nakladat. 
300 |a 80 s.  |b noty  |c 8° 
500 |a Notované 
650 0 7 |a spev  |2 SNKPH  |9 3420 
650 0 7 |a hudobniny  |2 SNKPH  |9 987 
655 7 |a učebnice stredných škôl  |2 SNKPH  |9 69323 
655 7 |a učebnice základných škôl  |2 SNKPH  |9 70187 
852 |a Slovenská národná knižnica 
958 |a EUIPO 
958 |a RK 
958 |a TL 
958 |a OND 
999 |c 1166432  |d 1168362 
952 |a SNK  |b SNK  |y VYP  |7 0  |p 17A1542240  |o snkSC 2344 D1  |i snkKSF 1752/57  |8 5  |0 0  |1 0  |4 0  |d 2024-02-29  |l 1  |r 2026-04-24 14:49:14  |s 2026-04-24  |w 2026-02-24 
952 |a SNK  |b SNK  |y PREZ  |7 0  |p 17A0743425  |o snkSC 2344  |i snk2418/37  |0 0  |1 0  |4 0  |d 2018-06-06  |f 1  |l 0  |r 2025-06-17 00:00:00  |w 2026-02-24